[Event "Ceske Budejovice op"]
[Site "Ceske Budejovice"]
[Date "1997.??.??"]
[Round "2"]
[White "Nun, Jiri"]
[Black "Gavrilov, Alexei"]
[Result "1-0"]
[WhiteElo "2395"]
[BlackElo "2250"]
[PlyCount "81"]
[EventDate "1997.??.??"]
[Source "www.chesslib.no"]
[SourceDate "2004.05.04"]

1. e4 e5 2. Nf3 Nc6 3. Bc4 Bc5 4. c3 Qe7 5. O-O d6 6. b4 Bb6 7. a4 a5 8. b5 Nd8 9. d4 Nf6 10. Re1 Bg4 11. Ba3 Bxf3 12. Qxf3 exd4 13. e5 Nd7 14. Qd1 Nxe5 15. cxd4 Bxd4 16. Qxd4 Nf3+ 17. gxf3 Qxe1+ 18. Kg2 Ne6 19. Qe3 Qxe3 20. fxe3 O-O-O 21. Nc3 Rhe8 22. Kf2 f5 23. Rd1 b6 24. Bd5 Nc5 25. Bc6 Re5 26. f4 Re6 27. Bxc5 bxc5 28. h4 Rh6 29. Rh1 Kb8 30. Nd5 Re6 31. Rg1 g6 32. h5 Rg8 33. Bd7 Re4 34. Nf6 Rd8 35. Nxe4 Rxd7 36. hxg6 hxg6 37. Nd2 d5 38. Nb3 c4 39. Nxa5 Rd6 40. Nc6+ Kb7 41. a5 1-0

[Event "Corr"]
[Site "?"]
[Date "1995.11.15"]
[Round "?"]
[White "Prokhorov Vladimir Mikhailovi"]
[Black "Mostowik Daniel (POL)"]
[Result "0-1"]
[WhiteElo "2360"]
[BlackElo "2280"]
[PlyCount "46"]
[EventDate "1995.??.??"]
[Source "www.chesslib.no"]
[SourceDate "2004.05.04"]

1. e4 e5 2. Nf3 Nc6 3. Bc4 Bc5 4. c3 Qe7 5. d4 Bb6 6. O-O Nf6 7. Re1 d6 8. h3 h6 9. a4 a6 10. Be3 exd4 11. cxd4 O-O 12. e5 Nd7 13. e6 fxe6 14. Bxh6 Nxd4 15. Nxd4 Ne5 16. Bxe6+ Bxe6 17. Be3 Qf7 18. Nd2 Nd3 19. Re2 Bd5 20. N2f3 Bxd4 21. Nxd4 Qg6 22. Qf1 Rae8 23. Nc2 Nf4 0-1

[Event "Lone Pine"]
[Site "Lone Pine"]
[Date "1976.??.??"]
[Round "1"]
[White "Barnes, Craig N"]
[Black "Dake, Arthur William"]
[Result "0-1"]
[WhiteElo "2280"]
[BlackElo "2360"]
[PlyCount "60"]
[EventDate "1976.??.??"]
[Source "ChessBase"]

1. e4 e5 2. Nf3 Nc6 3. Bc4 Bc5 4. c3 Qe7 5. O-O d6 6. d4 Bb6 7. b4 Nf6 8. a4 a6 9. a5 Ba7 10. b5 axb5 11. Bxb5 O-O 12. Ba3 Bd7 13. Bxc6 Bxc6 14. Nxe5 Bxe4 15. Nd2 Bd5 16. Re1 Rfe8 17. Nf1 Qe6 18. Nf3 Qd7 19. Ne3 Be4 20. Nd2 Bg6 21. Ndf1 Bb8 22. Qb3 Qc6 23. d5 Qd7 24. Qxb7 Rxa5 25. c4 Ba7 26. Bb2 Bb6 27. Rxa5 Bxa5 28. Ra1 Bb6 29. Bc3 Ne4 30. Be1 f5 0-1

[Event "Budapest FS07 IM-B"]
[Site "Budapest HUN"]
[Date "1993.??.??"]
[Round "5"]
[White "Sziebert, Adam"]
[Black "Zupe, Miran"]
[Result "0-1"]
[WhiteElo "2285"]
[BlackElo "2350"]
[PlyCount "96"]
[EventDate "1993.07.??"]
[Source "www.chesslib.no"]
[SourceDate "2004.05.04"]

1. e4 e5 2. Nf3 Nc6 3. Bc4 Bc5 4. c3 Qe7 5. O-O d6 6. d4 Bb6 7. Be3 Nf6 8. Bb5 O-O 9. a4 a6 10. Bxc6 exd4 11. cxd4 bxc6 12. a5 Ba7 13. e5 Nd5 14. Bg5 f6 15. exf6 Nxf6 16. Ra3 Qf7 17. Re1 Bf5 18. Nbd2 Nd5 19. Nf1 h6 20. Bd2 c5 21. Ng3 Bd7 22. Ne4 cxd4 23. Nh4 d3 24. Nf3 Bb5 25. Nc3 Nxc3 26. Rxc3 Rae8 27. Be3 Bxe3 28. Rxe3 Rxe3 29. fxe3 c5 30. h3 Qa2 31. Qd2 Qf7 32. Rc1 Qe6 33. Re1 Bc6 34. e4 Qc4 35. Qe3 Qxe4 36. Qd2 Qf4 37. Qxd3 Bxf3 38. Qxf3 Qxf3 39. gxf3 Rxf3 40. Re6 Rd3 41. Re8+ Kf7 42. Ra8 Rd1+ 43. Kf2 Rd2+ 44. Ke3 Rxb2 45. Rxa6 Ke6 46. Ra8 Rb3+ 47. Kf4 Rxh3 48. a6 Kd5 0-1

[Event "Helsinki Open"]
[Site "Helsinki FIN"]
[Date "1991.??.??"]
[Round "?"]
[White "Sorri, Kari Juhani"]
[Black "Norri, Joose"]
[Result "1-0"]
[WhiteElo "2305"]
[BlackElo "2325"]
[PlyCount "43"]
[EventDate "1991.??.??"]
[Source "www.chesslib.no"]
[SourceDate "2004.05.04"]

1. e4 e5 2. Nf3 Nc6 3. Bc4 Bc5 4. c3 Qe7 5. O-O Bb6 6. d4 d6 7. b4 Bg4 8. a4 a6 9. a5 Ba7 10. b5 axb5 11. Bxb5 Bd7 12. a6 bxa6 13. Rxa6 Nb8 14. Bxd7+ Qxd7 15. Ra2 exd4 16. Rxa7 Rxa7 17. Qxd4 Ra5 18. Qxg7 f6 19. Qxh8 Qf7 20. Nd4 Qg6 21. Nf5 Kf7 22. Qxg8+ 1-0

[Event "Boeblingen op"]
[Site "Boeblingen"]
[Date "1985.??.??"]
[Round "?"]
[White "Mandl, Robert"]
[Black "Novoselski, Zoran"]
[Result "1/2-1/2"]
[WhiteElo "2200"]
[BlackElo "2430"]
[PlyCount "88"]
[EventDate "1985.??.??"]
[Source "ChessBase"]

1. e4 e5 2. Nf3 Nc6 3. Bc4 Bc5 4. c3 Qe7 5. d4 Bb6 6. O-O d6 7. d5 Nb8 8. Bb5+ Bd7 9. Bxd7+ Nxd7 10. c4 h6 11. Nc3 Ngf6 12. Qe2 Nh7 13. Be3 O-O 14. Ne1 Ba5 15. Rc1 c5 16. dxc6 bxc6 17. Nd3 Bxc3 18. Rxc3 Nhf6 19. f3 a5 20. Ra3 c5 21. Rd1 Nb6 22. Qc2 Qe6 23. Rc3 Nfd7 24. Nf2 a4 25. Qd3 Nc8 26. f4 exf4 27. Bxf4 Ra6 28. Qg3 Re8 29. Ng4 Qg6 30. Qh4 Nf6 31. Nxh6+ Kf8 32. Nf5 Rxe4 33. Qh8+ Ng8 34. Rg3 Qxf5 35. Qxg7+ Ke7 36. Bg5+ Kd7 37. Rf1 Qe6 38. Qxg8 f5 39. Qd8+ Kc6 40. b3 axb3 41. axb3 Re1 42. Rgf3 Raa1 43. Qf6 Qe4 44. Qc3 Nb6 1/2-1/2

[Event "Burgas op"]
[Site "Orense"]
[Date "2002.07.08"]
[Round "3.6"]
[White "Perez Garcia, Rodney"]
[Black "Espineira Gonzalez, Diego Adrian"]
[Result "1-0"]
[WhiteElo "2435"]
[BlackElo "2194"]
[PlyCount "87"]
[EventDate "2002.07.06"]
[Source "ChessBase"]
[SourceDate "2002.09.11"]

1. e4 e5 2. Nf3 Nc6 3. Bc4 Bc5 4. c3 Qe7 5. O-O d6 6. Re1 Bb6 7. d3 Bg4 8. Nbd2 Nf6 9. Nf1 O-O 10. Bb3 Rad8 11. h3 Bc8 12. Ng3 h6 13. d4 Kh7 14. Bc2 Rfe8 15. b4 g6 16. a4 a6 17. Ba3 Nb8 18. Qb1 Qf8 19. a5 Ba7 20. b5 Nbd7 21. b6 cxb6 22. axb6 Nxb6 23. dxe5 Ng8 24. Bxd6 Rxd6 25. exd6 Qxd6 26. e5 Qc7 27. Bb3 Be6 28. Ne4 Nd5 29. Rd1 Rd8 30. Qa2 Nf4 31. Rxd8 Qxd8 32. Bxe6 Nxe6 33. Nd6 Qd7 34. Qd5 Nd8 35. Rd1 Ne7 36. Qb3 Nec6 37. Nb5 Qe7 38. Nxa7 Nxa7 39. Rxd8 Qxd8 40. Qxb7 Nb5 41. Qxf7+ Kh8 42. Qxg6 Nxc3 43. Qxh6+ Kg8 44. Qxa6 1-0

[Event "HUN-chT1"]
[Site "HUN"]
[Date "1995.??.??"]
[Round "?"]
[White "Farago, Sandor"]
[Black "Letay, Gyula"]
[Result "1-0"]
[WhiteElo "2360"]
[BlackElo "2265"]
[PlyCount "119"]
[EventDate "1995.??.??"]
[Source "www.chesslib.no"]
[SourceDate "2004.05.04"]

1. e4 e5 2. Nf3 Nc6 3. Bc4 Bc5 4. c3 Qe7 5. O-O d6 6. d4 Bb6 7. Bg5 Nf6 8. a4 a6 9. d5 Nb8 10. a5 Ba7 11. Nbd2 h6 12. Bh4 Nbd7 13. Kh1 g5 14. Bg3 Nf8 15. Ne1 Ng6 16. f3 h5 17. Bf2 Bxf2 18. Rxf2 h4 19. Bf1 Nf4 20. Nd3 N6h5 21. Nc4 f5 22. Ne3 Ng3+ 23. Kg1 Bd7 24. exf5 Nxf5 25. Nxf5 Bxf5 26. Nb4 Kf8 27. c4 Kg7 28. Nc2 Rae8 29. Ne3 Bc8 30. Bd3 Nxd3 31. Qxd3 Rhf8 32. Re1 Rf6 33. Qc3 Ref8 34. Rfe2 h3 35. Nf1 hxg2 36. Nd2 Bh3 37. Rf2 Rf4 38. Ree2 Qf6 39. Qe3 Qg6 40. Rxg2 Bxg2 41. Rxg2 Kh8 42. h4 Qf5 43. Rg3 Rxh4 44. Kg2 Qf4 45. Qe2 Rf7 46. Ne4 Rh5 47. b4 Rfh7 48. c5 Qf5 49. Nf2 Rf7 50. cxd6 cxd6 51. Ne4 Qg6 52. Qc4 Kh7 53. Qc8 Kh6 54. Qd8 Rf4 55. Rg4 Rxe4 56. Qh8+ Qh7 57. Qf8+ Kg6 58. Qxd6+ Kf7 59. Qe6+ Kf8 60. Rxe4 1-0

[Event "Ibague op 6th"]
[Site "Ibague"]
[Date "1999.??.??"]
[Round "?"]
[White "Contreras, Henry"]
[Black "Castro Rojas, Oscar Humberto"]
[Result "1-0"]
[WhiteElo "2265"]
[BlackElo "2359"]
[PlyCount "103"]
[EventDate "1999.??.??"]
[Source "www.chesslib.no"]
[SourceDate "2004.05.04"]

1. e4 e5 2. Nf3 Nc6 3. Bc4 Bc5 4. c3 Qe7 5. O-O d6 6. b4 Bb6 7. a4 a6 8. a5 Ba7 9. b5 axb5 10. Bxb5 Bd7 11. a6 bxa6 12. Rxa6 Nb8 13. Bxd7+ Qxd7 14. Ra3 Nc6 15. Qb3 Nf6 16. Qa2 Rb8 17. d3 O-O 18. Bg5 Bc5 19. Ra6 Kh8 20. Nbd2 Ne8 21. Qd5 Bb6 22. Be3 Qc8 23. Rfa1 Ne7 24. Qc4 Bxe3 25. fxe3 f5 26. Ra7 h6 27. exf5 Nxf5 28. Nf1 Ne7 29. Qh4 Qe6 30. Ra8 Nf6 31. Rxb8 Rxb8 32. c4 Kg8 33. Ra7 Qd7 34. c5 Nc6 35. Ra6 Nb4 36. Ra7 Nc6 37. Ra6 Nb4 38. Ra7 Qc6 39. cxd6 cxd6 40. Qg3 Rb7 41. Ra8+ Kh7 42. Nh4 g5 43. Qf2 Kg7 44. Nf5+ Kg6 45. Nxh6 Rf7 46. Nxf7 Qxa8 47. Nxd6 Qf8 48. Qf5+ Kh6 49. Ne4 Nh7 50. Qe6+ Kg7 51. Qxe5+ Kg8 52. Neg3 1-0

[Event "Maccabia IM 16th"]
[Site "Tel Aviv"]
[Date "2001.07.18"]
[Round "4"]
[White "Shur, Mikhail"]
[Black "Carmel, Ephraim"]
[Result "1-0"]
[WhiteElo "2427"]
[BlackElo "2197"]
[PlyCount "67"]
[EventDate "2001.07.15"]
[Source "ChessBase"]
[SourceDate "2001.09.11"]

1. e4 e5 2. Nf3 Nc6 3. Bc4 Bc5 4. c3 Qe7 5. O-O d6 6. b4 Bb6 7. d3 Nf6 8. Nbd2 O-O 9. Bb3 Nd8 10. Nc4 c6 11. a4 Ne6 12. a5 Bc7 13. Re1 Re8 14. h3 h6 15. Bd2 Nh7 16. Nh2 Nhg5 17. Qh5 Nf4 18. Bxf4 exf4 19. h4 Nh7 20. Nd2 Nf6 21. Qf3 g5 22. d4 Bd7 23. e5 dxe5 24. dxe5 Nd5 25. Qh5 Kg7 26. Ndf3 f6 27. Bc2 f5 28. hxg5 hxg5 29. e6 Bxe6 30. Nxg5 Nf6 31. Nxe6+ Qxe6 32. Qg5+ Kf7 33. Rxe6 Rxe6 34. Bb3 1-0

[Event "Kamen Piskov Memorial 4th"]
[Site "Ruse"]
[Date "1984.??.??"]
[Round "6"]
[White "Lazarov, Alexander"]
[Black "Atanasov, Petko"]
[Result "1/2-1/2"]
[WhiteElo "2200"]
[BlackElo "2420"]
[PlyCount "23"]
[EventDate "1984.06.??"]
[Source "www.chesslib.no"]
[SourceDate "2004.05.04"]

1. e4 e5 2. Nf3 Nc6 3. Bc4 Bc5 4. c3 Qe7 5. O-O d6 6. d3 Nf6 7. h3 Bb6 8. Nbd2 O-O 9. Re1 h6 10. Nf1 Be6 11. Bxe6 fxe6 12. Be3 1/2-1/2